000 02514 a2200241 4500
001 51615
005 20260407155803.0
008 260407a2020 arg spa d
003 AR-UNSa-BCEJYS
040 _aAR-UNSa-BCEJYS
_bspa
_cAR-UNSa-BCEJYS
080 _a336.226.1
_xImpuestos a las ganancias o los beneficios (Impuesto Diferido)
245 1 0 _aImpuesto a las ganancias
_pfundamentos teóricos y la técnica de su aplicación en la Argentina
020 _a978-987-01-2635-5
264 1 _aBuenos Aires :
_bErrepar
_c2020
300 _a2 v. (676 ; 707 p.)
_c24 cm.
505 _aVol. I: 1. Fundamentos teóricos del impuesto a la renta - 2. El impuesto a las ganancias argentino - 3. Objeto del impuesto - 4. Sujeto de gravamen - 5. Vínculo jurisdiccional. Fuente Argentina. Criterio de Residencia o renta mundial - 6. Beneficiarios del exterior - 7. Precios de transferencia - 8. Convenios para evitar la doble imposición internacional (CDI) - 9. Deducciones personales y exenciones - 10. Imputación a la renta -- Vol. II: 11. Primera categoría. Determinación de las rentas de fuente argentina y extranjera - 12. Segunda categoría - 13. El gravamen a la renta financiera. Objeto. Sujetos. Beneficiarios del exterior. Conceptos alcanzados. Determinación de la ganancia. Quebrantos: Distintos supuestos. Deducción especial. Venta de inmuebles. Normas de transición - 14. Cuarta categoría - 15. Tercera categoría - 16. Amortizaciones y venta y reemplazo. Regímenes de promoción - 17. Bienes de cambio - 18. Malos créditos. Previsiones y reservas - 19. Diferencias de cambio. Rentas de fuente Argentina y extranjera - 20. Determinación del resultado de venta de bienes - 21. El ajuste por inflación - 22. Casos especiales en la tercera categoría: explotaciones agropecuarias - 23. Casos especiales en la tercera categoría: operaciones inmobiliarias en general. Industria de la construcción. Loteos - 24. Casos especiales en la tercera categoría: tributación de las industrias del petróleo, gas y minería - 25. Casos especiales en la tercera categoría: reorganización de empresas - 26. Liquidación, ingreso, retenciones y otras formas de pagos a cuenta del impuesto. Crédito por impuestos análogos abonados a fiscos extranjeros
041 _aspa
942 _cBK
590 _aniveau_biblio:m niveau_hierar:0
100 1 _aGebhardt, Jorge
700 1 _aMalvitano, Rubén H.
856 4 1 _uhttps://www.biblioeco.unsa.edu.ar/pmb/images/libros/L128261.jpg
_yImagen de portada
_qimage/jpeg
999 _c5006
_d5006